| 000 | 00932nam a2200277 a 4500 | ||
|---|---|---|---|
| 001 | 31424 | ||
| 003 | BD-RjUL | ||
| 005 | 20211209051711.0 | ||
| 008 | 140415r19471946nyu 001 0 eng d | ||
| 035 | _a(BD-RjUL)31511 | ||
| 040 |
_aWASKC _beng _cWASKC _dABN:1 _dBD-RjUL |
||
| 041 | _aeng | ||
| 082 | 0 | 4 |
_a191 _bSCH 1947 |
| 100 | 1 |
_aSchneider, Herbert W. _q(Herbert Wallace), _d1892- _995611 |
|
| 245 | 0 | 2 |
_aA history of American philosophy / _cby Herbert W. Schneider. |
| 260 |
_aNew York : _bColumbia University Press, _c1946 [Reprinted 1947] |
||
| 300 |
_axiv, 646 p. ; _c23 cm. |
||
| 490 | 0 | _aColumbia studies in American culture, no. 18 | |
| 500 | _a"Guide to the literature" at end of each part. | ||
| 504 | _aIncludes Index | ||
| 650 | 0 |
_aPhilosophy, American. _995612 |
|
| 650 | 0 |
_aPhilosophy _xHistory _zUnited States. _995573 |
|
| 651 | 0 |
_aUnited States _xCivilization. _995613 |
|
| 942 |
_2ddc _cBK |
||
| 999 |
_c31424 _d31424 |
||